000 00812cam a22002533a 4500
001 19146
003 PGUSA
005 20140828083415.0
008 060830s2006||||xxu|||||s|||||000 1 eng d
040 _aPGUSA
_beng
042 _adc
050 4 _aPS
100 1 _aTownsend, George Alfred,
_d1841-1914
245 1 4 _aThe Entailed Hat; Or, Patty Cannon's Times
_h[electronic resource] /
_cGeorge Alfred Townsend
260 _bProject Gutenberg,
_c2006
506 _aPublic domain in the USA.
516 _aElectronic text
653 _aEastern Shore (Md. and Va.) -- Social life and customs -- Fiction
653 _aKidnapping -- Fiction
653 _aAfrican Americans -- Crimes against -- Fiction
830 0 _aProject Gutenberg
_v19146
856 4 0 _uhttp://www.gutenberg.org/ebooks/19146
942 _cEB
999 _c248401
_d248401